| 000 | 00438nam a2200157Ia 4500 | ||
|---|---|---|---|
| 999 |
_c18648 _d18648 |
||
| 003 | OSt | ||
| 005 | 20200708102345.0 | ||
| 008 | 190216s9999||||xx |||||||||||||| ||und|| | ||
| 040 | _coclc | ||
| 082 |
_a958.1 _bGUH/A |
||
| 100 |
_aGuha, Amalendu _93646 |
||
| 245 | 0 |
_aAfghanistan / _cAmalendu Guha |
|
| 260 |
_bVidyarthimithram, _c1966. _aKottayam: |
||
| 300 | _a106p | ||
| 942 |
_cBK _2ddc _h958.1 _iGUH/A _k958.1 _mGUH/A |
||